<?xml version="1.0" encoding="UTF-8"?>
<record
    xmlns:xsi="http://www.w3.org/2001/XMLSchema-instance"
    xsi:schemaLocation="http://www.loc.gov/MARC21/slim http://www.loc.gov/standards/marcxml/schema/MARC21slim.xsd"
    xmlns="http://www.loc.gov/MARC21/slim">

  <leader>00853nam a2200277 i 4500</leader>
  <controlfield tag="001">C2-0344072</controlfield>
  <controlfield tag="003">PPAK</controlfield>
  <controlfield tag="005">20180728145050.0</controlfield>
  <controlfield tag="008">171212s2016    my a|||| |||||  |   may d</controlfield>
  <datafield tag="020" ind1=" " ind2=" ">
    <subfield code="a">9789674123772</subfield>
  </datafield>
  <datafield tag="040" ind1=" " ind2=" ">
    <subfield code="a">PPAK</subfield>
    <subfield code="b">eng</subfield>
    <subfield code="c">PPAK</subfield>
    <subfield code="e">rda</subfield>
  </datafield>
  <datafield tag="082" ind1="0" ind2="4">
    <subfield code="a">372.357</subfield>
    <subfield code="2">23</subfield>
  </datafield>
  <datafield tag="090" ind1="0" ind2="0">
    <subfield code="a">372.357</subfield>
    <subfield code="b">HAZ</subfield>
    <subfield code="d">K</subfield>
  </datafield>
  <datafield tag="100" ind1="0" ind2=" ">
    <subfield code="a">Hazita Azman, </subfield>
    <subfield code="e">author</subfield>
  </datafield>
  <datafield tag="245" ind1="1" ind2="0">
    <subfield code="a">Buku asas perubahan iklim</subfield>
  </datafield>
  <datafield tag="264" ind1=" " ind2="1">
    <subfield code="a">Bangi, Selangor : </subfield>
    <subfield code="b">Penerbit Universiti Kebangsaan Malaysia , </subfield>
    <subfield code="c">2016</subfield>
  </datafield>
  <datafield tag="300" ind1=" " ind2=" ">
    <subfield code="a">54 pages : </subfield>
    <subfield code="b">colour illustrations ; </subfield>
    <subfield code="c">30 cm</subfield>
  </datafield>
  <datafield tag="336" ind1=" " ind2=" ">
    <subfield code="2">rdacontent</subfield>
    <subfield code="a">text</subfield>
  </datafield>
  <datafield tag="337" ind1=" " ind2=" ">
    <subfield code="2">rdamedia</subfield>
    <subfield code="a">unmediated</subfield>
  </datafield>
  <datafield tag="338" ind1=" " ind2=" ">
    <subfield code="2">rdacarrier</subfield>
    <subfield code="a">volume</subfield>
  </datafield>
  <datafield tag="490" ind1="1" ind2=" ">
    <subfield code="a">Siri sayang bumi</subfield>
  </datafield>
  <datafield tag="650" ind1="1" ind2="0">
    <subfield code="a">Environmental education - Juvenile literature. ; Climatic changes - Juvenile literature.</subfield>
  </datafield>
  <datafield tag="700" ind1=" " ind2=" ">
    <subfield code="e">author</subfield>
  </datafield>
  <datafield tag="830" ind1=" " ind2="0">
    <subfield code="a">Siri sayang bumi</subfield>
  </datafield>
  <datafield tag="942" ind1=" " ind2=" ">
    <subfield code="d">dc</subfield>
    <subfield code="c">B</subfield>
  </datafield>
  <datafield tag="999" ind1=" " ind2=" ">
    <subfield code="c">140833</subfield>
    <subfield code="d">140833</subfield>
  </datafield>
  <datafield tag="952" ind1=" " ind2=" ">
    <subfield code="0">0</subfield>
    <subfield code="7">0</subfield>
    <subfield code="b">PPAK</subfield>
    <subfield code="c">K</subfield>
    <subfield code="d">2017-12-18</subfield>
    <subfield code="o">K 372.357 HAZ</subfield>
    <subfield code="p">A01560472</subfield>
    <subfield code="r">2018-05-09 00:00:00</subfield>
    <subfield code="y">B</subfield>
  </datafield>
  <datafield tag="952" ind1=" " ind2=" ">
    <subfield code="0">0</subfield>
    <subfield code="7">0</subfield>
    <subfield code="b">PPAK</subfield>
    <subfield code="c">K</subfield>
    <subfield code="d">2017-12-18</subfield>
    <subfield code="l">1</subfield>
    <subfield code="o">K 372.357 HAZ</subfield>
    <subfield code="p">A01560473</subfield>
    <subfield code="r">2018-07-31 00:00:00</subfield>
    <subfield code="s">2018-07-21</subfield>
    <subfield code="y">B</subfield>
  </datafield>
  <datafield tag="952" ind1=" " ind2=" ">
    <subfield code="0">0</subfield>
    <subfield code="7">0</subfield>
    <subfield code="b">SP</subfield>
    <subfield code="c">K</subfield>
    <subfield code="d">2017-12-18</subfield>
    <subfield code="l">1</subfield>
    <subfield code="o">K 372.357 HAZ</subfield>
    <subfield code="p">A01560474</subfield>
    <subfield code="r">2019-10-22 00:00:00</subfield>
    <subfield code="s">2019-10-13</subfield>
    <subfield code="y">B</subfield>
  </datafield>
  <datafield tag="952" ind1=" " ind2=" ">
    <subfield code="0">0</subfield>
    <subfield code="7">0</subfield>
    <subfield code="b">JT</subfield>
    <subfield code="c">K</subfield>
    <subfield code="d">2017-12-18</subfield>
    <subfield code="l">1</subfield>
    <subfield code="o">K 372.357 HAZ</subfield>
    <subfield code="p">A01560475</subfield>
    <subfield code="r">2020-11-24 00:00:00</subfield>
    <subfield code="s">2020-10-18</subfield>
    <subfield code="y">B</subfield>
  </datafield>
  <datafield tag="952" ind1=" " ind2=" ">
    <subfield code="0">0</subfield>
    <subfield code="7">0</subfield>
    <subfield code="b">LW</subfield>
    <subfield code="c">K</subfield>
    <subfield code="d">2017-12-18</subfield>
    <subfield code="o">K 372.357 HAZ</subfield>
    <subfield code="p">A01560476</subfield>
    <subfield code="r">2018-05-09 00:00:00</subfield>
    <subfield code="y">B</subfield>
  </datafield>
  <datafield tag="952" ind1=" " ind2=" ">
    <subfield code="0">0</subfield>
    <subfield code="7">0</subfield>
    <subfield code="b">KM</subfield>
    <subfield code="c">K</subfield>
    <subfield code="d">2017-12-18</subfield>
    <subfield code="o">K 372.357 HAZ</subfield>
    <subfield code="p">A01560477</subfield>
    <subfield code="r">2018-05-09 00:00:00</subfield>
    <subfield code="y">B</subfield>
  </datafield>
  <datafield tag="952" ind1=" " ind2=" ">
    <subfield code="0">0</subfield>
    <subfield code="7">0</subfield>
    <subfield code="b">BL</subfield>
    <subfield code="c">K</subfield>
    <subfield code="d">2017-12-18</subfield>
    <subfield code="l">1</subfield>
    <subfield code="o">K 372.357 HAZ</subfield>
    <subfield code="p">A01560478</subfield>
    <subfield code="r">2024-10-07 14:51:06</subfield>
    <subfield code="s">2024-09-07</subfield>
    <subfield code="y">B</subfield>
  </datafield>
  <datafield tag="952" ind1=" " ind2=" ">
    <subfield code="0">0</subfield>
    <subfield code="7">0</subfield>
    <subfield code="b">BB</subfield>
    <subfield code="c">K</subfield>
    <subfield code="d">2017-12-18</subfield>
    <subfield code="o">K 372.357 HAZ</subfield>
    <subfield code="p">A01560479</subfield>
    <subfield code="r">2018-05-09 00:00:00</subfield>
    <subfield code="y">B</subfield>
  </datafield>
  <datafield tag="952" ind1=" " ind2=" ">
    <subfield code="0">0</subfield>
    <subfield code="7">0</subfield>
    <subfield code="b">MR</subfield>
    <subfield code="c">K</subfield>
    <subfield code="d">2017-12-18</subfield>
    <subfield code="o">K 372.357 HAZ</subfield>
    <subfield code="p">A01560480</subfield>
    <subfield code="r">2018-05-09 00:00:00</subfield>
    <subfield code="y">B</subfield>
  </datafield>
  <datafield tag="952" ind1=" " ind2=" ">
    <subfield code="0">0</subfield>
    <subfield code="7">0</subfield>
    <subfield code="b">YN</subfield>
    <subfield code="c">K</subfield>
    <subfield code="d">2017-12-18</subfield>
    <subfield code="l">1</subfield>
    <subfield code="o">K 372.357 HAZ</subfield>
    <subfield code="p">A01560481</subfield>
    <subfield code="r">2019-10-16 00:00:00</subfield>
    <subfield code="s">2019-10-15</subfield>
    <subfield code="y">B</subfield>
  </datafield>
  <datafield tag="952" ind1=" " ind2=" ">
    <subfield code="0">0</subfield>
    <subfield code="7">0</subfield>
    <subfield code="b">SK</subfield>
    <subfield code="c">K</subfield>
    <subfield code="d">2017-12-18</subfield>
    <subfield code="l">1</subfield>
    <subfield code="o">K 372.357 HAZ</subfield>
    <subfield code="p">A01560482</subfield>
    <subfield code="r">2020-10-22 00:00:00</subfield>
    <subfield code="s">2020-09-30</subfield>
    <subfield code="y">B</subfield>
  </datafield>
  <datafield tag="952" ind1=" " ind2=" ">
    <subfield code="0">0</subfield>
    <subfield code="7">0</subfield>
    <subfield code="b">KN</subfield>
    <subfield code="c">K</subfield>
    <subfield code="d">2017-12-18</subfield>
    <subfield code="o">K 372.357 HAZ</subfield>
    <subfield code="p">A01560483</subfield>
    <subfield code="r">2018-05-09 00:00:00</subfield>
    <subfield code="y">B</subfield>
  </datafield>
  <datafield tag="952" ind1=" " ind2=" ">
    <subfield code="0">0</subfield>
    <subfield code="7">0</subfield>
    <subfield code="b">PG</subfield>
    <subfield code="c">K</subfield>
    <subfield code="d">2017-12-18</subfield>
    <subfield code="l">1</subfield>
    <subfield code="o">K 372.357 HAZ</subfield>
    <subfield code="p">A01560484</subfield>
    <subfield code="r">2025-10-12 16:15:28</subfield>
    <subfield code="s">2025-09-18</subfield>
    <subfield code="y">B</subfield>
  </datafield>
  <datafield tag="952" ind1=" " ind2=" ">
    <subfield code="0">0</subfield>
    <subfield code="7">0</subfield>
    <subfield code="b">B1</subfield>
    <subfield code="c">K</subfield>
    <subfield code="d">2017-12-18</subfield>
    <subfield code="o">K 372.357 HAZ</subfield>
    <subfield code="p">A01560485</subfield>
    <subfield code="r">2018-05-09 00:00:00</subfield>
    <subfield code="y">B</subfield>
  </datafield>
  <datafield tag="952" ind1=" " ind2=" ">
    <subfield code="0">0</subfield>
    <subfield code="7">0</subfield>
    <subfield code="b">B3</subfield>
    <subfield code="c">K</subfield>
    <subfield code="d">2017-12-18</subfield>
    <subfield code="o">K 372.357 HAZ</subfield>
    <subfield code="p">A01560486</subfield>
    <subfield code="r">2018-05-09 00:00:00</subfield>
    <subfield code="y">B</subfield>
  </datafield>
  <datafield tag="952" ind1=" " ind2=" ">
    <subfield code="0">0</subfield>
    <subfield code="7">0</subfield>
    <subfield code="b">B4</subfield>
    <subfield code="c">K</subfield>
    <subfield code="d">2017-12-18</subfield>
    <subfield code="o">K 372.357 HAZ</subfield>
    <subfield code="p">A01560487</subfield>
    <subfield code="r">2018-05-09 00:00:00</subfield>
    <subfield code="y">B</subfield>
  </datafield>
  <datafield tag="952" ind1=" " ind2=" ">
    <subfield code="0">0</subfield>
    <subfield code="7">0</subfield>
    <subfield code="b">B5</subfield>
    <subfield code="c">K</subfield>
    <subfield code="d">2017-12-18</subfield>
    <subfield code="o">K 372.357 HAZ</subfield>
    <subfield code="p">A01560488</subfield>
    <subfield code="r">2018-05-09 00:00:00</subfield>
    <subfield code="y">B</subfield>
  </datafield>
</record>
